000 00667nam a2200229 4500
999 _c12893
_d12893
003 MIRAKIL
005 20190311144256.0
008 190311b tu ||||| |||| 00| 0 tur d
020 _a9944931152
040 _aTR-AnCHP
_cTR-AnCHP
041 _atur
082 _a780.9561
_bB82t 2006
100 _aBudak, Ogün Atilla
245 1 0 _aTürk müziğinin kökeni-gelişimi /
_cOgün Atilla Budak.
260 _aAnkara:
_bPhoenix Yayınevi,
_c2006.
300 _a166 s.:
_c23 sm.
490 0 _aPhoenix tarih dizisi
500 _aYapıt yazarından imzalıdır.
504 _aDizin ve kaynakça vardır.
650 0 _95394
_aTürk Müziği
_xtarih
942 _2ddc
_cBKS